000 00862nam a2200241 i 4500
001 16822
003 ES-MaACL
005 20230906151413.0
007 t|
008 001113s1989 sp ||||0| spa d
020 _a84-404-5365-5
080 _a918.61(036)
245 0 0 _aGuía de Bogotá.
260 _a[Madrid] :
_bUnión de Ciudades Capitales Iberoamericanas :
_bSociedad Estatal para la Ejecución de Programas del Quinto Centenario,
_c[1989]
300 _a147 p. :
_bil. ;
_c22 cm.
490 1 _aGuías turísticas UCCI ;
_v2
651 4 _aBogotá-
_vGuías turísticas.
_97886
710 2 _aSociedad Estatal para la Ejecución de Programas del Quinto Centenario.
_9197482
710 2 _aUnión de Ciudades Capitales Iberoamericanas.
_97007
830 1 _aGuías turísticas UCCI ;
_v2
_9228678
852 _aES-MaACL
_jG-3885
999 _c16822
_d16822